Szczegóły MARC21

Ekonomia dla normalnych ludzi : wstęp do szkoły austriackiej /

003 -Nazwa inst., której nr kontr. jest w polu 001 [,]
    • @
    • Nazwa instytucji, której n kontrolny jest w polu 001
    • NUKAT
005 -DATA I CZAS OSTATNIEJ MODYFIKACJI [,]
    • @
    • pole kontrolne
    • 20241231094430.0
020 -Międzynarod. znormalizowany nr książki - ISBN [ , ]
    • a
    • Numer ISBN
    • 8389812010 Find
040 -Instytucja sporządzająca opis [ , ]
    • a
    • Instytucja, która sporządziła opis (NP)
    • KAT U/ES
    • c
    • Instytucja, która sporządziła rekord (NP)
    • KAT U/ES
    • d
    • Instytucja, która zmodyfikowała rekord (P)
    • KAT U/TKs
    • d
    • Instytucja, która zmodyfikowała rekord (P)
    • WR U/al
    • d
    • Instytucja, która zmodyfikowała rekord (P)
    • WR U/mt
041 -Język dokumentu [1, ]
    • a
    • Język tekstu (P)
    • polski
    • h
    • Język tekstu oryginalnego i/lub pośredniego (P)
    • angielski
044 -Kraj miejsca wydania [ , ]
    • a
    • Kraj miejsca wydania
    • Polska
    • a
    • Kraj miejsca wydania
    • Stany Zjednoczone po 1988
942 -Rodzaj dokumentu [ , ]
    • c
    • Rodzaj dokumentu
    • Książka
100 -Hasło główne - nazwa osobowa [1, ]
    • a
    • Nazwa osobowa (NP)
    • Callahan, Gene.
    • 9
    • KHW
    • 432100
240 -Tytuł ujednolicony [1,0]
    • a
    • Tytuł ujednolicony
    • Economics for real people
    • l
    • Język tekstu
    • (pol.)
    • 9
    • KHW
    • 432102
245 -Strefa tytułu i oznaczenia odpowiedzialności [1,0]
    • a
    • Tytuł
    • Ekonomia dla normalnych ludzi : Find
    • b
    • Ciąg dalszy tytułu (NP)
    • wstęp do szkoły austriackiej / Find
    • c
    • Pozostałe elementy strefy tytułu i oznaczenia odpowiedzialności (NP)
    • Gene Callahan ; tł. Jan M. Fijor.
260 -Strefa adresu wydawniczego [ , ]
    • a
    • Miejsce wydania (P)
    • Warszawa ;
    • a
    • Miejsce wydania (P)
    • Chicago :
    • b
    • Nazwa wydawcy (P)
    • Fijor Publishing,
    • c
    • Data wydania (P)
    • 2004.
300 -Strefa opisu fizycznego [ , ]
    • a
    • Określenie formy książki i/lub objętość (NP)
    • IV, 359, [5] s. ;
    • c
    • Format (NP)
    • 21 cm.
336 -Typ zawartości [ , ]
    • a
    • Termin opisujący typ zawartości
    • Tekst
    • b
    • Kod określający zawartość
    • txt
    • 2
    • Źródło (terminu i kodu)
    • rdacontent
337 -Typ mediów [ , ]
    • a
    • Tryb odtwarzania
    • Bez urządzenia pośredniczącego
    • b
    • Kod typu mediów
    • n
    • 2
    • Źródło (terminu i kodu)
    • rdamedia
338 -Typ/rodzaj nośnika [ , ]
    • a
    • Hasło opisujące typ nośnika
    • Wolumin
    • b
    • Kod typu nośnika
    • nc
    • 2
    • Źródło (terminu i kodu)
    • rdacarrier
500 -Uwaga ogólna [ , ]
    • a
    • Uwaga ogólna (NP)
    • Na okł. podtyt.: wprowadzenie do Szkoły Austriackiej.
504 -Uwaga dot. bibliogr. załącznikowej [ , ]
    • a
    • Uwaga dot. bibliografii załącznikowej
    • Indeks.
080 -Uniwersalna Klasyfikacja Dziesiętna [ , ]
    • 2
    • Identyfikator wydania tablic
    • UDC- P058
    • a
    • Symbol klasyfikacji
    • 330.83
    • b
    • Dopowiedzenie
    • Teorie, doktryny i szkoły ekonomiczne XX wieku. Marginalizm. Neomarginalizm. Neoliberalizm. Teoria równowagi. Keynesizm. Teorie wzrostu gospodarczego. Technokratyzm. Instytucjonalizm.
    • x
    • Poddział wspólny
    • (436)
    • b
    • Dopowiedzenie
    • (Austria).
    • x
    • Poddział wspólny
    • "19"
    • b
    • Dopowiedzenie
    • Wiek XX.
    • x
    • Poddział wspólny
    • (075.8)
    • b
    • Dopowiedzenie
    • (Podręczniki dla szkół wyższych. Skrypty).
650 -Hasło przedmiotowe [ ,7]
    • a
    • Hasło przedmiotowe
    • Austriacka szkoła ekonomii.
    • 2
    • Źródło terminu
    • kaba
    • 9
    • KHW
    • 151942
650 -Hasło przedmiotowe [ ,7]
    • a
    • Hasło przedmiotowe
    • Ekonomia.
    • 2
    • Źródło terminu
    • kaba
    • 9
    • KHW
    • 107454
980 -Symbol UKD [ , ]
    • a
    • UKD
    • 330.83(436)"19"(075.8)
700 -Hasło dodatkowe - nazwa osobowa [1, ]
    • a
    • Nazwa osobowa (NP)
    • Fijor, Jan M. Find
    • d
    • Daty biograficzne (NP)
    • (1948- ).
    • e
    • Określenie rodzaju współpracy
    • Tł.
    • 9
    • KHW
    • 40710
920 -ISBN [ , ]
    • a
    • ISBN
    • 83-89812-01-0 Find
Data inwentaryzacji Lokalizacja Status udost. Numer inwentarzowy
2009-01-09BNS1H.18480
2017-10-23T-2T.19659